Native American wisdom : a spiritual tradition at ... Read More
Available copies
- 1 of 1 copy available at LARL/NWRL Consortium. (Show)
- 1 of 1 copy available at Lake Agassiz Regional Library.
Current holds
0 current holds with 1 total copy.
Show Only Available Copies
| Location | Call Number / Copy Notes | Barcode | Shelving Location | Status | Due Date |
|---|---|---|---|---|---|
| Barnesville Public Library | 299.7 NAT (Text) | 33500010108553 | Main | Available | - |
Record details
- ISBN: 9781905857869
- ISBN: 1905857861
- Physical Description: vi, 186 p. ; 16 cm.
- Publisher: London : Sacred Wisdom, 2008.
Content descriptions
| Formatted Contents Note: | Anishinaabeg -- Apache -- Blackfoot -- Cherokee -- ... Read More |
Search for related items by subject
| Subject: | Indians of North America > Religion > Literary collections. Wisdom > Religious aspects. Nature > Religious aspects. |
Search for related items by series
| LDR | 01492cam a2200289K 4500 | ||
|---|---|---|---|
| 001 | 104778 | ||
| 003 | LARL_NWRL_CONSORTIUM | ||
| 005 | 20090528115152.0 | ||
| 008 | 080816s2009 xx 000 0 eng d | ||
| 020 | . | ‡a9781905857869 | |
| 020 | . | ‡a1905857861 | |
| 035 | . | ‡a(OCoLC)244064125 | |
| 092 | . | ‡a299.7 ‡bN21398 | |
| 245 | 0 | 0. | ‡aNative American wisdom : ‡ba spiritual tradition at one with nature / ‡cedited by Alan Jacobs ; introduction by Mick Gidley. |
| 260 | . | ‡aLondon : ‡bSacred Wisdom, ‡c2008. | |
| 300 | . | ‡avi, 186 p. ; ‡c16 cm. | |
| 490 | 0 | . | ‡aSacred wisdom |
| 505 | 0 | . | ‡aAnishinaabeg -- Apache -- Blackfoot -- Cherokee -- Cheyenne -- Chilliwack -- Chinook -- Coast Salish -- Cochiti -- Comanche -- Creek -- Eskimo -- Hopi -- Iroquois -- Kiowa -- Kwakiutl -- Lenni Lenape -- Luiseño -- Navajo -- Nez Percé -- Ojibwa -- Omaha -- Onondaga -- Osage -- Paiute -- Papago -- Passamaquoddy -- Pawnee -- Pequot -- Pima -- Potawomi -- Seneca -- Shawnee -- Sioux -- Snehyttens -- Suquamish -- Tewa -- Tlingit -- Wabanaki -- Winnebago -- Yuma -- Zuñi. |
| 650 | 0. | ‡aIndians of North America ‡xReligion ‡vLiterary collections. | |
| 650 | 0. | ‡aWisdom ‡xReligious aspects. ‡0(LARL_NWRL_CONSORTIUM)34527 | |
| 650 | 0. | ‡aNature ‡xReligious aspects. ‡0(LARL_NWRL_CONSORTIUM)26594 | |
| 700 | 1 | . | ‡aJacobs, Alan. ‡0(LARL_NWRL_CONSORTIUM)186153 |
| 901 | . | ‡a104778 ‡bOCLC ‡c104778 ‡tbiblio | |

Add to basket
Permalink
Disable Highlighting